| 000 | 01567nam a22003137a 4500 | ||
|---|---|---|---|
| 999 |
_c63443 _d63443 |
||
| 005 | 20240530110641.0 | ||
| 008 | 171016s2016 ua fh f b 000 0 ara d | ||
| 017 |
_a2015/20934 _bمصر. دار الكتب |
||
| 020 | _a9789777353595 | ||
| 040 |
_aEG-CaGPL _cEG-CaGPL |
||
| 082 | 0 | 4 |
_221 _a778.4 / _bص ف |
| 100 | 0 | _aصلاح احمد البهنسى | |
| 245 | 1 | 0 |
_aفن التصوير فى العصر الاسلامى / _cصلاح احمد البهنسى |
| 260 |
_aالاسكندرية : _bدار الوفاء لدنيا الطباعة و النشر ، _c2016. |
||
| 300 |
_a3 جزء : _bايض ؛ _c24 سم. |
||
| 490 | 0 | _aاثار | |
| 500 | _aالجزء الاول : فن التصوير فى بلاد العالم العربى -- الجزء الثانى : التصوير الايلخانى والتيمورى فى ايران -- الجزء الثالث : التصوير الصفوى فى ايران والعثمانى فى تركيا والمغول فى الهند . | ||
| 504 | _aيشتمل على ارجاعات ببليوجرافية | ||
| 650 | 0 | 7 |
_2qrmak _aالتصوير الضوئى |
| 650 | 0 | 7 |
_2qrmak _aالتصوير |
| 650 | 0 | 7 |
_2qrmak _aالفنون الجميلة |
| 650 | 0 | 7 |
_2qrmak _aصور الاشخاص |
| 650 | 0 | 7 |
_2qrmak _aالتصوير _xتاريخ _xالعالم العربى |
| 650 | 0 | 7 |
_2qrmak _aالتصوير _xتاريخ _zايران |
| 650 | 0 | 7 |
_2qrmak _aالتصوير _xتاريخ _zتركيا |
| 650 | 0 | 7 |
_2qrmak _aالتصوير _xتاريخ _zالهند |
| 942 |
_2ddc _cBK |
||